000 00361 a2200121 4500
001 ART_6721
005 20260410161826.0
008 260409a
245 1 0 _aLas OMC y las subvenciones pesqueras
100 1 _aErrazti, Elizabeth
700 1 _aGualdoni, Patricia Alejandra
773 0 _tFACES
_g- Año 14, Nº 30/31 (ene./dic. 2008)
_wREV5046
999 _c22826
_d22826